Statistics for Atlanta Hawks 2017-18 Roster

Click here to take the quiz!

General Stats

  • This quiz has been taken 57 times
    (55 since last reset)
  • The average score is 9 of 18

Answer Stats

NbrPostPlayer% Correct
20Forward-CenterJohn Collins
92%
17GuardDennis Schroder
87%
24GuardKent Bazemore
77%
14CenterDewayne Dedmon
72%
12ForwardTaurean Prince
72%
95Forward-GuardDeAndre' Bembry
62%
31Forward-CenterMike Muscala
62%
-Head CoachMike Budenholzer
59%
18CenterMiles Plumlee
44%
3Guard-ForwardMarco Belinelli
44%
5GuardMalcom Delaney
44%
7ForwardErsan Ilyasova
44%
22GuardIsaiah Taylor
38%
2GuardTyler Dorsey
38%
34ForwardTyler Cavanaugh
33%
8ForwardLuke Babbitt
31%
11GuardJosh Magette
21%
16ForwardNicolas Brussino
18%

Score Distribution

Percentile by Number Answered

Percent of People with Each Score

Your Score History

You have not taken this quiz since the last reset